000 01198 a2200217 4500
001 26998
005 20260407155547.0
008 260407a2010 arg spa d
003 AR-UNSa-BCEJYS
040 _aAR-UNSa-BCEJYS
_bspa
_cAR-UNSa-BCEJYS
080 _a34(37)
_xDerecho Romano
245 1 0 _aBeneficio de competencia
_pfuentes romanas, derecho intermedio y Latinoamericano: ejemplos y propuestas de extinsión en su proyección contemporánea
020 _a978-987-03-1588-9
264 1 _aBuenos Aires :
_bUniversidad de Buenos Aires. Facultad de Derecho
_c2010
300 _a313 p.
_c24 cm.
505 _a1. La condena limitada a las posibilidades patrimoniales del deudor (en id quod debitor (REUS) facere potest) o beneficium competentiae en las fuentes romanas - 2. La condemnatio limitada o beneficium competentiae en el derecho intermedio - 3. El beneficio de competencia en los códigos Latinoamericanos
942 _cBK
590 _aniveau_biblio:m niveau_hierar:0
100 1 _aAbelenda, Virginia
856 4 1 _uhttps://biblioeco.unsa.edu.ar/pmb/images/libros/Beneficio de Competencia-Fuentes Romanas, Derecho Intermedio y Latinoamericano-l117906.jpg
_yImagen de portada
_qimage/jpeg
999 _c1532
_d1532